000 00762nam a22001577a 4500
003 OSt
005 20151206093646.0
008 151206b xxu||||| |||| 00| 0 eng d
040 _cRUA
082 _aATM ស្រិន 1990 B188 Or.1
100 _94367
_aស្រិន សាមហុក
245 _aការរៀបចំជួសជុលត្រាក់ទ័រ នៅក្នុងរោងចក្រជួលត្រាក់ទ័រភ្នំពេញជាមួយនិងការរៀបចំប្រើប្រាស់ម៉ាស៊ីន ដើម្បីដោះដុំកង់ក្រោយរបស់ត្រាក់ទ័រ
260 _aPhnom Penh
_bRUA
_c1990
300 _a114p.
_bill.
_c29cm.
942 _2ddc
_cATM
999 _c4071
_d4071